Statistics for Name the Chelsea WSL 23-24 Squad

Click here to take the quiz!

General Stats

  • This quiz has been taken 7 times
  • The average score is 22 of 31

Answer Stats

Answer% Correct
Erin Cuthbert
100%
Fran Kirby
100%
Guro Reiten
100%
Hannah Hampton
100%
Jess Carter
100%
Lauren James
100%
Millie Bright
100%
Niamh Charles
100%
Sam Kerr
100%
Ann-Katrin Berger
86%
Ashley Lawrence
86%
Catarina Macario
86%
Eve Perisset
86%
Kadeisha Buchanan
86%
Sjoeke Nusken
86%
Zecira Musovic
86%
Jessie Fleming
71%
Maren Mjelde
71%
Mayra Ramirez
71%
Aggie Beever-Jones
57%
Johanna Rytting-Kaneryd
57%
Mia Fishel
57%
Nathalie Bjorn
57%
Sophie Ingle
57%
Jelena Cankovic
43%
Maika Hamano
43%
Aniek Nouwen
29%
Ashanti Akpan
29%
Jorja Fox
29%
Melanie Leupolz
29%
Nicky Evrard
29%

Score Distribution

Percentile by Number Answered

Percent of People with Each Score

Your Score History

You have not taken this quiz